Introduction to queueing networks
Αποθηκεύτηκε σε:
| Κύριος συγγραφέας: | |
|---|---|
| Άλλοι συγγραφείς: | |
| Μορφή: | Βιβλίο |
| Γλώσσα: | English |
| Δημοσίευση: |
Chichester ; New York :
Wiley,
c1998
|
| Έκδοση: | 2nd ed. |
| Θέματα: | |
| Ετικέτες: |
Προσθήκη ετικέτας
Δεν υπάρχουν, Καταχωρήστε ετικέτα πρώτοι!
|
MARC
| LEADER | 00000nam a2200000 i 4500 | ||
|---|---|---|---|
| 001 | 1/20058 | ||
| 008 | 010710s1998 eng d | ||
| 020 | |a 0-471-96294-5 | ||
| 035 | |l 10067059 | ||
| 040 | |a GR-MY-UA |b gre |e aacr | ||
| 041 | 0 | |a eng | |
| 082 | 0 | |a 519.82 | |
| 100 | 1 | |a Gelenbe, E. |d 1945- | |
| 245 | 1 | 0 | |a Introduction to queueing networks / |c Erol Gelenbe and Guy Pujolle |
| 250 | |a 2nd ed. | ||
| 260 | |a Chichester ; New York : |b Wiley, |c c1998 | ||
| 300 | |a xiii, 244 p.; |b ill.; |c 23 cm. | ||
| 504 | |a Includes bibliographical references and index | ||
| 650 | 0 | 0 | |a Queuing theory. |
| 700 | 1 | |a Pujolle, Guy |d 1949- | |
| 852 | |a INST |b SAMOS |e 20010710 |h 519.82 GEL |p 005300020660 |q 005300020660 |t BK |y 0 | ||
| 901 | |a BIBL3-2001-2 | ||
| 909 | |a Σ |b 087042 | ||
| 922 | |a 3ΕΛΗ |b 200002 |c ΤΠΕΣ/ΠΟΛ |d LEADER | ||
| 970 | |a ΜΑΛΑΓΑΡΗ |b ΦΩΤΕΙΝΗ |z 2001/07/10 | ||